Normal view MARC view
  • Engineering. Foundations. Soil mechanics.

Entry Topical Term

Number of records used in: 2

001 - CONTROL NUMBER

  • control field: 18424

003 - CONTROL NUMBER IDENTIFIER

  • control field: NUST

005 - DATE AND TIME OF LATEST TRANSACTION

  • control field: 20190723132213.0

008 - FIXED-LENGTH DATA ELEMENTS

  • fixed length control field: 190723|| aca||aabn | a|a d

040 ## - CATALOGING SOURCE

  • Original cataloging agency: NUST
  • Transcribing agency: NUST

150 ## - HEADING--TOPICAL TERM

  • Topical term or geographic name entry element: Engineering. Foundations. Soil mechanics.

670 ## - SOURCE DATA FOUND

  • Source citation: Work cat.: (NUST): Upadhay, A.K. 18423, Soil and Foundation Engineering, 2015.
© 2023 Central Library, National University of Sciences and Technology. All Rights Reserved.